|
|
|
|
| LEADER |
01251nam a22003254a 4500 |
| 001 |
33334 |
| 003 |
BD-DhAAL |
| 005 |
20180714155041.0 |
| 008 |
180714t1999 vau b 000 0 eng |
| 999 |
|
|
|c 39742
|d 39742
|
| 010 |
|
|
|a 99025145
|
| 020 |
|
|
|a 0941301435
|
| 040 |
|
|
|a DLC
|c DLC
|d DLC
|d BD-DhAAL
|
| 042 |
|
|
|a pcc
|
| 043 |
|
|
|a n-us---
|
| 050 |
0 |
0 |
|a HD7287.82.U6
|b C656 1999
|
| 082 |
0 |
0 |
|a 643.2
|2 21
|
| 245 |
0 |
0 |
|a Community first! :
|b emerging visions reshaping America's condominium and homeowner association /
|c edited by Bill Overton.
|
| 260 |
|
|
|a Alexandria, Va. :
|b Community Associations Institute,
|c c1999
|
| 300 |
|
|
|a 130 pages ;
|c 23 cm.
|
| 504 |
|
|
|a Includes bibliographical references (page 127).
|
| 526 |
|
|
|a ARC
|
| 541 |
|
|
|e 33334
|
| 650 |
|
0 |
|a Condominium associations
|z United States.
|9 27165
|
| 650 |
|
0 |
|a Homeowners' associations
|z United States.
|9 27166
|
| 700 |
1 |
|
|a Overton, Bill,
|d 1957-
|9 27167
|
| 710 |
2 |
|
|a Community Associations Institute.
|9 27168
|
| 852 |
|
|
|a Department of Architecture
|c General Stacks
|
| 942 |
|
|
|2 ddc
|c BK
|
| 952 |
|
|
|0 0
|1 0
|2 ddc
|4 0
|6 643_200000000000000_COM
|7 0
|9 63770
|a BRACUL
|b BRACUL
|c GEN
|d 2018-07-14
|l 0
|o 643.2 COM
|p 3010033334
|r 2018-07-14
|t 1
|w 2018-07-14
|y BK
|x Transferred from ARC to BRACUL on 28/12/2023
|